000
00310nam a22001337a 4500
008
181029b xxu||||| |||| 00| 0 eng d
020
_a
2740205777816
041
_a
eng
080
_a
338
100
_a
53
101
_a
MAN
245
_a
Management Of Information Security
_c
MICHAEL.e..w
942
_2
udc
_c
BK
999
_c
50983
_d
50983